Revue académique des études sociales et humaines

Bibliographic Details
Format: Electronic Journal
Language:French
English
Arabic
Published: Chlef, Algeria : Hassiba Benbouali University of Chlef/Université Hassiba Benbouali de Chlef
Subjects:
Online Access:Full text available from Research Library: 07/01/2010 to present

MARC

LEADER 00000nas a2200000 i 4500
001 ssj0001077878
003 WaSeSS
005 20200512172242.0
006 m d
007 cr n
008 140107c20uu9999ae f| p|s|||||| |0fre d
035 |a (WaSeSS)ssj0001077878 
040 |a WaSeSS  |b eng  |c WaSeSS  |d WaSeSS 
041 |a fre  |a eng  |a ara 
050 1 4 |a H3 
245 0 0 |a Revue académique des études sociales et humaines  |h [electronic resource]. 
260 |a Chlef, Algeria :  |b Hassiba Benbouali University of Chlef/Université Hassiba Benbouali de Chlef 
310 |a Semiannual 
506 |a License restrictions may limit access. 
546 |a In French, English and Arabic. 
588 |a Description based on: 4 (2010); title from article pdf (ProQuest, viewed Jan. 7, 2014). 
588 |a Latest issue consulted: 9 (2013) (viewed Jan. 7, 2014). 
650 0 |a Social sciences  |v Periodicals. 
650 0 |a Humanities  |v Periodicals. 
655 0 |a Electronic journals. 
776 0 8 |i Print version:  |t Revue académique des études sociales et humaines  |x 1112-8712 
856 4 0 |z Full text available from Research Library: 07/01/2010 to present  |u https://search.proquest.com/publication/1396360